Choses aimées par Manu Chao dans la chanson "Me gustas tú" - Statistiques

Statistiques générales
  • Ce quiz a été pris 103 fois
  • Le résultat moyen est 10 sur 28
Statistiques - réponses
Réponse % Correct
Tu / Toi
74%
La mar / La mer
70%
La mañana / Le matin
60%
Viajar / Voyager
57%
La Marijuana / Canabis
51%
Los aviones / Les avions
49%
El viento / Le vent
46%
Soñar / Rêver
46%
La montaña / La montagne
41%
La noche / La nuit
41%
Correr / Courir
36%
Su cocina / Sa cuisine
36%
Colombiana / La colombienne
35%
La moto / La moto
32%
Volver / Revenir
32%
La lluvia / La pluie
31%
La vecina / La voisine
31%
El reggae / Le reggae
30%
Menear / remuer, hocher, balancer
30%
La guitarra / La guitare
28%
La canela / La cannelle
23%
Guatemala / Le Guatemala
22%
El fuego / Le feu
20%
Camelar / Embobiner
19%
La cena / Le dîner
19%
La Castana / La bagarre, la castagne
15%
Malasaña / Malasana
14%
La Coruña / La Corogne
12%
Aucun quiz correspondant
Distribution des résultats
% des personnes avec chaque résultat
Percentile par nombre de réponses
Votre historique - résultats
Vous n’avez pas pris ce quiz